000 00635nam a2200241Ia 4500
003 OSt
005 20220924144156.0
006 a|||||r|||| 00| 0
007 ta
008 220923b |||||||| |||| 00| 0 urd d
024 _a312631
037 _cTextual
040 _aARTS
_cARTS
_burd
041 _2urd
_aurd
082 _aO168,1K8F,1, J6
100 _aFaiez
_9217177
245 0 _aMasnavi Rizwan Shah wa rooh-e-afza
260 _c1956
650 _aURDU POETRY
700 _a Sayed Mohammad Ed.
_9217178
942 _hO168,1K8F,1, J6
_cTEXL
_2CC
999 _c456350
_d456350